STN P ENV 12038 Trvanlivosť dreva a výrobkov na báze dreva. Dosky na báze dreva. Zisťovanie odolnosti proti drevokazným hubám Basidiomycetes

Bibliographic Details
Format: Book
Language:Undetermined
PhysicalDescription:28 s.
Published: Bratislava Slovenský ústav technickej normalizácie 2000

MARC

LEADER 00000nam a2200000 a 4500
001 vtls001426253
003 SK-MaSNL
005 20260224113118.0
008 240126sm y0 xo 0 und
035 |a SNK000381189 
040 |a SNK  |b slo  |c SNK  |e AACR2 
044 |a xo  |c SK 
245 1 |a STN P ENV 12038 Trvanlivosť dreva a výrobkov na báze dreva. Dosky na báze dreva. Zisťovanie odolnosti proti drevokazným hubám Basidiomycetes 
260 |a Bratislava  |b Slovenský ústav technickej normalizácie  |c 2000 
300 |a 28 s. 
500 |a Predbežná slovenská technická norma 
999 |c 985270  |d 987200 
952 |t P60, <03>, [BOOK], {603}  |a SNK  |b SNK  |y PREZ  |7 0  |p 17A0326572  |o snkSTN P ENV 12038  |i snkN 2707/2001  |0 0  |1 0  |4 0  |d 2001-12-27  |l 0  |r 2005-01-02 00:00:00  |w 2026-02-24 
952 |t P60, <04>, [BOOK], {604}  |a SNK  |b SNK  |y VYP  |7 0  |p 17A0326573  |o snkSTN P ENV 12038 D1  |i snkN 2708/2001  |0 0  |1 0  |4 0  |d 2001-12-27  |l 0  |r 2005-01-02 00:00:00  |w 2026-02-24